Soil survey of South Latourette Park, Staten Island, New York City, NY.

Bibliographic Details
Corporate Authors: United States. Natural Resources Conservation Service, Cornell University. Agricultural Experiment Station
Format: Government Document Book
Language:English
Published: [Washington, D.C.?] : The Service, [1997?]
Subjects:

MARC

Tag First Indicator Second Indicator Subfields
LEADER 00000cam a2200000 a 4500
001 in00001402716
005 20151020052141.0
008 970805s1997 dcuab b f000 0 eng d
010 |a gp 97066557  
035 |a (OCoLC)37419540 
035 |9 AHM2812AM 
040 |a GPO  |c GPO  |d DLC  |d MvI  |d UtOrBLW 
043 |a n-us-ny 
074 |a 0102-B-32 
086 0 |a A 57.38/32:ST 2 
245 0 0 |a Soil survey of South Latourette Park, Staten Island, New York City, NY. 
264 1 |a [Washington, D.C.?] :  |b The Service,  |c [1997?] 
300 |a vi, 47 pages :  |b illustrations (some color), maps ;  |c 28 cm. 
336 |a text  |b txt  |2 rdacontent 
337 |a unmediated  |b n  |2 rdamedia 
338 |a volume  |b nc  |2 rdacarrier 
500 |a Cover title. 
500 |a Shipping list number: 97-0310-P. 
504 |a Includes bibliographical references (page 47). 
651 0 |a Staten Island (New York, N.Y.)  |x Surveys. 
650 0 |a Soil surveys  |z New York (State)  |z New York. 
710 1 |a United States.  |b Natural Resources Conservation Service. 
710 2 |a Cornell University.  |b Agricultural Experiment Station. 
999 |a MARS 
999 f f |s 5c98cf2b-460c-354a-89d3-9d4db8e94fdb  |i 1e658e13-abb9-3d32-b700-811eb143d126  |t 0 
952 f f |p normal  |a Texas A&M University  |b College Station  |c Sterling C. Evans Library  |d Evans: Maps (2nd floor)  |t 0  |e A 57.38/32:ST 2  |h Superintendent of Documents classification  |i unmediated -- volume  |m A14821732122 
998 f f |a A 57.38/32:ST 2  |t 0  |l Evans: Maps (2nd floor)